| 000 | 00758nam a2200217 a 4500 | ||
|---|---|---|---|
| 005 | 20240924065833.0 | ||
| 008 | 011001s1997 r 000 0 eng d | ||
| 020 | _a9505816375 | ||
| 035 | _aUPN01000117049 | ||
| 049 | _aCG | ||
| 050 | 4 |
_aQ181 _bF6.28 |
|
| 100 | 1 | _aFourez, Gérard | |
| 245 | 1 | 0 |
_aAlfabetización científica y tecnológica : _bacerca de las finalidades de la enseñanza de las ciencias / _cGérard Fourez ; con la colaboración de Véronique. Englebert-Lecompte ... [et al.]. |
| 260 |
_aBuenos Aires : _bColihue, _c1997. |
||
| 300 | _a249 p. | ||
| 440 | 0 | _aNuevos caminos | |
| 650 | 4 |
_aCiencia _xEstudio y enseñanza _96354 |
|
| 650 | 4 |
_aEnseñanza técnica _99074 |
|
| 700 | 1 |
_aEnglebert-Lecompte, Véronique, _ecolab. |
|
| 905 | _aLibro | ||
| 999 |
_c89677 _d89677 |
||